000
00255nam a22001097a 4500
008
170117b xxu||||| |||| 00| 0 eng d
020
_a
9780970368492
041
_a
eng
080
_a
618.2
245
_a
UNDERSTANDING HELTHCARE
_c
WURMAN, R.S
942
_2
udc
_c
BK
999
_c
2988
_d
2988